000 00376 a2200169 4500
001 44557
020 _a
040 _cAnchieta - Aquarius
100 _aHalliday, Tereza Lúcia
240 1 0 _aA caixa azul-madrugada
_lpor
245 1 0 _aA caixa azul-madrugada
300 _a28
362 0 _a1997
440 1 _aBagaço
650 4 _aLiteratura infanto-juvenil
942 _cBK
999 _c44557
_d44557